[Event "Quebec op"]
[Site "Longueuil CAN"]
[Date "2018.07.23"]
[Round "4.12"]
[White "Lemieux, Serge"]
[Black "Luksza, Arkadiusz"]
[Result "0-1"]
[WhiteElo "1702"]
[BlackElo "2106"]
[PlyCount "64"]
[EventDate "2018.07.21"]
[EventType "swiss"]
[EventRounds "9"]
[EventCountry "CAN"]

1. e4 c6 2. d4 d5 3. exd5 cxd5 4. Bd3 Nc6 5. c3 Nf6 6. h3 g6 7. Na3 Bg7 8. Ne2
O-O 9. O-O a6 10. Nc2 e5 11. Ne3 exd4 12. Nxd4 Nxd4 13. cxd4 Be6 14. Re1 Qb6
15. Nc2 Rac8 16. b3 Ne4 17. Bxe4 dxe4 18. Rxe4 Rxc2 19. Qxc2 Bf5 20. Qe2 Bxe4
21. Qxe4 Bxd4 22. Be3 Bxe3 23. fxe3 Rd8 24. Rf1 Qc7 25. Qf4 Qe7 26. Rf2 h5 27.
Rc2 Rd1+ 28. Kf2 Rd6 29. Ke2 Qd7 30. Qc4 Kh7 31. a4 Qf5 32. Ke1 Rc6 0-1

[Event "Quebec op"]
[Site "Longueuil CAN"]
[Date "2018.07.23"]
[Round "4.13"]
[White "Prahov, Valentin"]
[Black "Zheng, Richard"]
[Result "1/2-1/2"]
[WhiteElo "2105"]
[BlackElo "1986"]
[PlyCount "53"]
[EventDate "2018.07.21"]
[EventType "swiss"]
[EventRounds "9"]
[EventCountry "CAN"]

1. e4 e6 2. d4 d5 3. e5 c5 4. c3 Nc6 5. Nf3 Nge7 6. a3 a5 7. Bd3 Nf5 8. Bxf5
exf5 9. Be3 c4 10. a4 Be7 11. Qd2 f6 12. Na3 O-O 13. Nb5 Na7 14. Nxa7 Rxa7 15.
O-O Ra6 16. Rfe1 Re8 17. Bf4 Bd7 18. Re2 Re6 19. Qc2 g6 20. Rae1 Qb6 21. exf6
Bxf6 22. Rxe6 Rxe6 23. Rxe6 Qxe6 24. Bc7 Qe4 25. Qxe4 fxe4 26. Ne5 Bxa4 27. Ng4
1/2-1/2

[Event "Quebec op"]
[Site "Longueuil CAN"]
[Date "2018.07.23"]
[Round "4.14"]
[White "Lopez Linares, Lizandro"]
[Black "Bremner, William"]
[Result "1/2-1/2"]
[WhiteElo "2088"]
[BlackElo "1684"]
[PlyCount "59"]
[EventDate "2018.07.21"]
[EventType "swiss"]
[EventRounds "9"]
[EventCountry "CAN"]

1. d4 Nf6 2. Nf3 d5 3. c4 e6 4. Nc3 Be7 5. Bf4 O-O 6. e3 Nbd7 7. Rc1 c6 8. h3
a6 9. a3 dxc4 10. Bxc4 b5 11. Ba2 c5 12. O-O Bb7 13. Qe2 Rc8 14. Rfd1 Qb6 15.
Bg5 h6 16. Bh4 Qc7 17. d5 exd5 18. Nxd5 Bxd5 19. Bxd5 Nxd5 20. Rxd5 Nb6 21.
Bxe7 Qxe7 22. Re5 Qd6 23. Rd1 Qf6 24. b3 c4 25. bxc4 Nxc4 26. Red5 Rfd8 27.
Rxd8+ Rxd8 28. Rxd8+ Qxd8 29. a4 Qd5 30. axb5 1/2-1/2

[Event "Quebec op"]
[Site "Longueuil CAN"]
[Date "2018.07.23"]
[Round "4.15"]
[White "Boulay, David"]
[Black "Javidfard, Amirsalar"]
[Result "0-1"]
[WhiteElo "1971"]
[BlackElo "1990"]
[PlyCount "106"]
[EventDate "2018.07.21"]
[EventType "swiss"]
[EventRounds "9"]
[EventCountry "CAN"]

1. d4 Nf6 2. Nf3 e6 3. c4 a6 4. Nc3 d5 5. cxd5 exd5 6. Bg5 Be7 7. e3 O-O 8. Bd3
h6 9. Bh4 c5 10. dxc5 Be6 11. O-O Bxc5 12. Rc1 Nc6 13. Ne2 Qd6 14. Bxf6 gxf6
15. Ned4 Ne7 16. Bb1 Rfc8 17. Qd3 Ng6 18. Nf5 Qf8 19. Ng3 Qd6 20. Nd4 Bxd4 21.
Qxd4 Qe5 22. Qb4 b5 23. Bd3 h5 24. Bxg6 fxg6 25. h4 Bg4 26. Qd4 Rc4 27. Qxe5
fxe5 28. Rxc4 bxc4 29. f3 Be6 30. Rd1 Rb8 31. Rd2 Kf7 32. Ne2 Ke7 33. f4 Kf6
34. fxe5+ Kxe5 35. Nf4 Bf7 36. g3 a5 37. Kf2 Rb6 38. Ke2 a4 39. a3 Rb3 40. Kf2
c3 41. bxc3 Rxc3 42. Rd3 Rc2+ 43. Kf3 Ra2 44. Rc3 Be8 45. Nd3+ Kf6 46. Nb4 Rd2
47. Rd3 Rb2 48. Nxd5+ Ke5 49. e4 Rb3 50. Ke3 Bc6 51. Rxb3 axb3 52. Nc3 b2 53.
Kd2 Bxe4 0-1

[Event "Quebec op"]
[Site "Longueuil CAN"]
[Date "2018.07.23"]
[Round "4.16"]
[White "Trottier, Alain"]
[Black "Malek, Omid"]
[Result "0-1"]
[WhiteElo "1966"]
[BlackElo "2055"]
[PlyCount "106"]
[EventDate "2018.07.21"]
[EventType "swiss"]
[EventRounds "9"]
[EventCountry "CAN"]

1. Nf3 Nf6 2. g3 b5 3. Bg2 Bb7 4. O-O e6 5. d3 Be7 6. Nbd2 c5 7. c3 d6 8. Qb3
Bc6 9. Re1 Nbd7 10. e4 O-O 11. h3 a5 12. a3 a4 13. Qc2 Rc8 14. Nf1 Qc7 15. Bg5
h6 16. Be3 Qb7 17. g4 Rfe8 18. Ng3 Bf8 19. Rad1 b4 20. Bc1 bxa3 21. bxa3 Rb8
22. c4 Qb3 23. Qe2 Qc3 24. Bf1 d5 25. Nd2 Bd6 26. Nh5 Nxh5 27. gxh5 Qe5 28. Bg2
d4 29. Nf3 Qxh5 30. Nxd4 Qxe2 31. Nxe2 e5 32. Nc3 Nf8 33. Bf3 Ne6 34. Nd5 Nd4
35. Kg2 Rb3 36. Rd2 Reb8 37. Bd1 Rb1 38. Bc2 Nxc2 39. Rxc2 Bxd5 40. cxd5 R8b3
41. Rc4 Rxd3 42. Rxa4 c4 43. Rxc4 Bxa3 44. Rc8+ Kh7 45. Rc2 f5 46. f3 Bb4 47.
Ree2 fxe4 48. fxe4 Rbb3 49. Bb2 Rg3+ 50. Kf1 Rbf3+ 51. Rf2 Rd3 52. Bxe5 Rd1+
53. Ke2 Re1# 0-1

[Event "Quebec op"]
[Site "Longueuil CAN"]
[Date "2018.07.23"]
[Round "4.17"]
[White "Auger, Bertrand"]
[Black "Durette, Francis"]
[Result "0-1"]
[WhiteElo "1935"]
[BlackElo "2046"]
[PlyCount "102"]
[EventDate "2018.07.21"]
[EventType "swiss"]
[EventRounds "9"]
[EventCountry "CAN"]

1. Nf3 Nf6 2. g3 b6 3. Bg2 Bb7 4. O-O e6 5. c4 c5 6. Nc3 d5 7. Ne5 Nc6 8. Qa4
Rc8 9. d4 Be7 10. cxd5 Nxd5 11. Nxd5 exd5 12. Bh3 Rc7 13. Be3 O-O 14. Nxc6 Bxc6
15. Qd1 Bg5 16. f4 Qe7 17. Bf2 Bf6 18. Re1 g6 19. Qd2 c4 20. Bg2 Rd8 21. a3 Bg7
22. Qc2 f5 23. g4 Qe6 24. gxf5 gxf5 25. Bh3 Rf8 26. Kh1 Rcf7 27. Rg1 Qh6 28.
Qc3 Qxf4 29. Be3 Qe4+ 30. Bg2 Qh4 31. Bf3 Kh8 32. Qe1 Qxe1 33. Raxe1 Re7 34.
Bf2 Bf6 35. Rg2 Rg8 36. Rxg8+ Kxg8 37. Rg1+ Rg7 38. Rd1 Kf7 39. Be3 Ke6 40. Bf4
Ba4 41. Rd2 Bg5 42. Bxg5 Rxg5 43. e3 a5 44. Rg2 Rxg2 45. Kxg2 b5 46. Kf2 b4 47.
axb4 axb4 48. Be2 Bc2 49. Ke1 Be4 50. Bd1 f4 51. exf4 Kf5 0-1

[Event "Quebec op"]
[Site "Longueuil CAN"]
[Date "2018.07.23"]
[Round "4.18"]
[White "Bouton, Christophe"]
[Black "Goldner, John"]
[Result "1-0"]
[WhiteElo "2016"]
[BlackElo "1743"]
[PlyCount "145"]
[EventDate "2018.07.21"]
[EventType "swiss"]
[EventRounds "9"]
[EventCountry "CAN"]

1. c4 e6 2. Nc3 d5 3. d4 c5 4. cxd5 exd5 5. Nf3 Nc6 6. g3 Nf6 7. Bg2 Be7 8. O-O
O-O 9. Be3 c4 10. b3 cxb3 11. axb3 Ne4 12. Nxe4 dxe4 13. Ne5 Qd5 14. Nxc6 bxc6
15. Qc2 Bf5 16. Rfc1 Rfb8 17. Qxc6 Qxc6 18. Rxc6 Rxb3 19. Rca6 h6 20. h3 Bf6
21. Rxa7 Rxa7 22. Rxa7 Rb4 23. Ra8+ Kh7 24. Re8 Bxd4 25. Bxe4 Bxe4 26. Rxe4
Rb1+ 27. Kg2 Bxe3 28. Rxe3 Rb7 29. Rc3 Re7 30. Kf3 g6 31. Rc6 Kg7 32. h4 h5 33.
e4 Kg8 34. Kf4 Kg7 35. f3 Rb7 36. Rc5 Re7 37. g4 hxg4 38. Kxg4 f6 39. h5 gxh5+
40. Rxh5 Re6 41. Ra5 Kg6 42. Kf4 Rb6 43. Ra7 Rb5 44. Re7 Ra5 45. Kg4 Rg5+ 46.
Kf4 Ra5 47. Rd7 Rb5 48. Rd5 Rb4 49. Rd1 Rb5 50. Rd6 Ra5 51. Ke3 Ra3+ 52. Rd3
Ra1 53. f4 Re1+ 54. Kf3 Rf1+ 55. Kg3 Re1 56. Rd4 Re2 57. Kf3 Ra2 58. Rd6 Kf7
59. Rd7+ Ke6 60. Rb7 Ra5 61. f5+ Kd6 62. Rf7 Ke5 63. Re7+ Kd4 64. Re6 Ra3+ 65.
Kf4 Ra1 66. Rd6+ Kc5 67. Rxf6 Rf1+ 68. Ke5 Re1 69. Re6 Kc4 70. Kf6 Rg1 71. Rd6
Kc5 72. Rd2 Rh1 73. e5 1-0

[Event "Quebec op"]
[Site "Longueuil CAN"]
[Date "2018.07.23"]
[Round "4.19"]
[White "Zhong, Kevin"]
[Black "Abdelaal, Ibrahim"]
[Result "0-1"]
[WhiteElo "1925"]
[BlackElo "2007"]
[PlyCount "106"]
[EventDate "2018.07.21"]
[EventType "swiss"]
[EventRounds "9"]
[EventCountry "CAN"]

1. e4 d5 2. exd5 Nf6 3. d4 Nxd5 4. Nf3 Bg4 5. h3 Bh5 6. c4 Bxf3 7. Qxf3 Nb4 8.
Qb3 N8c6 9. Be3 Nxd4 10. Bxd4 Qxd4 11. Qxb4 Qe4+ 12. Be2 Qxg2 13. Rf1 O-O-O 14.
Nc3 e6 15. Qb3 Qxh3 16. Rd1 Bc5 17. Ne4 Qxb3 18. axb3 Bb4+ 19. Nc3 Rxd1+ 20.
Bxd1 h5 21. Rh1 h4 22. Rh3 g5 23. f3 f5 24. Be2 Kd7 25. Kf2 Bxc3 26. bxc3 Kd6
27. Ke3 e5 28. b4 c5 29. Rh1 b6 30. b5 Ke6 31. Rh3 Kf6 32. Rh2 Ra8 33. Bf1 Rd8
34. Bd3 Rh8 35. Be2 Rd8 36. Bd3 Rd7 37. Rh1 Re7 38. Rh2 Rh7 39. Rh1 Rh8 40. Be2
Rd8 41. Bd3 Re8 42. Rh2 Kg6 43. Rh1 Rf8 44. Kf2 e4 45. Be2 exf3 46. Kxf3 Rd8
47. Ke3 Re8+ 48. Kf3 g4+ 49. Kf2 Kg5 50. Bf1 f4 51. Rg1 Re3 52. Be2 g3+ 53. Kf1
f3 0-1

[Event "Quebec op"]
[Site "Longueuil CAN"]
[Date "2018.07.23"]
[Round "4.20"]
[White "Chang, Alexander RZ"]
[Black "Poulin, Maurice"]
[Result "0-1"]
[WhiteElo "1597"]
[BlackElo "1970"]
[PlyCount "138"]
[EventDate "2018.07.21"]
[EventType "swiss"]
[EventRounds "9"]
[EventCountry "CAN"]

1. e4 g6 2. d4 Bg7 3. Nf3 d6 4. Bd3 Bg4 5. c3 e6 6. h3 Bxf3 7. Qxf3 Nd7 8. O-O
h6 9. Be3 Ne7 10. Nd2 O-O 11. Qe2 e5 12. dxe5 dxe5 13. Rad1 f5 14. f4 exf4 15.
Bxf4 Kh8 16. exf5 Nxf5 17. Ne4 Ne5 18. Ng3 Nxg3 19. Bxg3 Rxf1+ 20. Qxf1 Qe7 21.
Qe2 Qg5 22. Kh2 Rd8 23. Be4 Rxd1 24. Qxd1 h5 25. Qe1 c6 26. Qf2 b6 27. Bf4 Qe7
28. Bc2 g5 29. Be3 Bf6 30. Qf5 Nc4 31. Bd4 Be5+ 32. Bxe5+ Qxe5+ 33. Qxe5+ Nxe5
34. Bd1 h4 35. g3 Kg7 36. gxh4 gxh4 37. Kg2 Kf6 38. b3 Kg5 39. Kf2 Kf4 40. Bc2
Nf7 41. Bg6 Ng5 42. Be8 c5 43. Bd7 Ne4+ 44. Kg2 Nxc3 45. a4 Ke3 46. Be6 Ne2 47.
Bc4 Nd4 48. Bd5 Ke2 49. Bf7 Kd2 50. Kf2 Kc3 51. Ke3 Nxb3 52. Kf4 c4 53. Kg5 Nd2
54. Kxh4 Kd4 55. Bxc4 Nxc4 56. Kg5 Ne5 57. Kf5 Nf3 58. Kf4 Nh4 59. Kg4 Ng2 60.
Kf3 Nh4+ 61. Kg4 a6 62. Kxh4 b5 63. axb5 axb5 64. Kg5 b4 65. h4 b3 66. h5 b2
67. h6 b1=Q 68. Kf6 Qh7 69. Kg5 Ke5 0-1

[Event "Quebec op"]
[Site "Longueuil CAN"]
[Date "2018.07.23"]
[Round "4.21"]
[White "Babb, Jeff"]
[Black "Wu, Tony (Dongze)"]
[Result "1-0"]
[WhiteElo "2054"]
[BlackElo "1883"]
[PlyCount "59"]
[EventDate "2018.07.21"]
[EventType "swiss"]
[EventRounds "9"]
[EventCountry "CAN"]

1. f4 c5 2. Nf3 d6 3. b3 Nc6 4. Bb2 e6 5. e3 Nf6 6. Be2 Be7 7. O-O O-O 8. c4 d5
9. Ne5 Nd7 10. Nxc6 bxc6 11. Qc2 Bf6 12. Bxf6 Qxf6 13. Nc3 Qe7 14. Rac1 Bb7 15.
Na4 Rac8 16. Qb2 Nb6 17. Qa3 Nxa4 18. Qxa4 Rc7 19. Qa3 Rd8 20. Bf3 a5 21. Rc2
a4 22. cxd5 cxd5 23. Rfc1 axb3 24. axb3 Ra8 25. Qb2 Ba6 26. d4 Rac8 27. Qa3 Rc6
28. Rxc5 g6 29. b4 Bc4 30. Rxc6 1-0

[Event "Quebec op"]
[Site "Longueuil CAN"]
[Date "2018.07.23"]
[Round "4.22"]
[White "Jacquet, Stephane"]
[Black "Libersan, Thierry"]
[Result "1/2-1/2"]
[WhiteElo "1936"]
[BlackElo "2047"]
[PlyCount "111"]
[EventDate "2018.07.21"]
[EventType "swiss"]
[EventRounds "9"]
[EventCountry "CAN"]

1. d4 Nf6 2. c4 g6 3. Nc3 Bg7 4. e4 d6 5. Be2 O-O 6. Nf3 e5 7. O-O Nc6 8. d5
Ne7 9. Ne1 Nd7 10. Be3 f5 11. f3 f4 12. Bf2 h5 13. Nd3 g5 14. c5 Nf6 15. cxd6
cxd6 16. Rc1 Ng6 17. Nb5 Rf7 18. Nxa7 Bd7 19. a4 g4 20. Nb5 Bxb5 21. axb5 g3
22. hxg3 fxg3 23. Bxg3 h4 24. Bh2 Bh6 25. f4 Nxe4 26. Bh5 Rg7 27. Bxg6 Rxg6 28.
Qh5 Kg7 29. Rce1 Qb6+ 30. Kh1 Ng3+ 31. Bxg3 hxg3 32. fxe5 Bg5 33. Rf7+ Kxf7 34.
Qh7+ Rg7 35. Rf1+ Qf2 36. Rxf2+ gxf2 37. Qf5+ Kg8 38. Nxf2 dxe5 39. Nh3 Bf4 40.
g4 Rf8 41. Qe6+ Kh8 42. Kg2 Kh7 43. Nxf4 Rxf4 44. Kg3 Rgxg4+ 45. Qxg4 Rxg4+ 46.
Kxg4 Kg6 47. Kf3 Kf5 48. Ke3 e4 49. d6 Ke6 50. Kxe4 Kxd6 51. Kd4 Kc7 52. Kc5
Kb8 53. Kb6 Ka8 54. Kc7 Ka7 55. b6+ Ka8 56. Kc8 1/2-1/2

[Event "Quebec op"]
[Site "Longueuil CAN"]
[Date "2018.07.23"]
[Round "4.23"]
[White "Yagiz, Bora"]
[Black "Upper, John"]
[Result "0-1"]
[WhiteElo "1862"]
[BlackElo "1969"]
[PlyCount "136"]
[EventDate "2018.07.21"]
[EventType "swiss"]
[EventRounds "9"]
[EventCountry "CAN"]

1. e4 c5 2. Nf3 g6 3. d4 cxd4 4. Qxd4 Nf6 5. Nc3 Nc6 6. Qa4 d6 7. e5 dxe5 8.
Nxe5 Bd7 9. Nxd7 Nxd7 10. Be2 Bg7 11. O-O Nb6 12. Qh4 e5 13. Bg5 Qd4 14. Nb5
Qxh4 15. Bxh4 O-O 16. Nd6 Nd4 17. Bd3 Rfb8 18. f3 Bf8 19. Ne4 f5 20. Nd2 Bc5
21. Kh1 Kg7 22. Rfe1 Re8 23. c3 Nc6 24. Nb3 Be7 25. Bf2 Na4 26. Bb5 a6 27. Bxa4
b5 28. Bxb5 axb5 29. a3 g5 30. Rad1 Rad8 31. Bb6 Rxd1 32. Rxd1 e4 33. fxe4 fxe4
34. Nd4 Nxd4 35. Bxd4+ Bf6 36. Kg1 e3 37. Re1 Bxd4 38. cxd4 Kf6 39. g4 Re4 40.
h3 Ke6 41. Kf1 Kd5 42. Ke2 Kxd4 43. Rd1+ Ke5 44. Rd7 Kf4 45. Rxh7 Kg3 46. b3
Rf4 47. b4 Re4 48. Rh5 Kf4 49. h4 Rc4 50. Rxg5 Rc2+ 51. Ke1 Rc1+ 52. Ke2 Rc2+
53. Kd3 Rd2+ 54. Kc3 Rd1 55. Rf5+ Kxg4 56. Rxb5 e2 57. Re5 e1=Q+ 58. Rxe1 Rxe1
59. Kc4 Kf5 60. Kc5 Ke6 61. a4 Kd7 62. a5 Kc7 63. Kb5 Re5+ 64. Ka6 Kc6 65. Ka7
Kb5 66. h5 Rxh5 67. Kb8 Ka6 68. Kc7 Rb5 0-1

[Event "Quebec op"]
[Site "Longueuil CAN"]
[Date "2018.07.23"]
[Round "4.24"]
[White "Currie, James"]
[Black "Acosta, Mariano"]
[Result "1-0"]
[WhiteElo "2006"]
[BlackElo "1802"]
[PlyCount "81"]
[EventDate "2018.07.21"]
[EventType "swiss"]
[EventRounds "9"]
[EventCountry "CAN"]

1. e4 e6 2. d3 d5 3. Nd2 Nf6 4. e5 Nfd7 5. Ngf3 c5 6. c4 d4 7. Ne4 Nc6 8. Bf4
h6 9. g4 g5 10. Bg3 Qa5+ 11. Ned2 Bg7 12. Qe2 Nb4 13. Nb3 Qa4 14. Bg2 Qc6 15.
O-O Qc7 16. a3 Nc6 17. Rfe1 O-O 18. Nbd2 a5 19. Ne4 Kh8 20. Nd6 Qd8 21. h4 Qe7
22. hxg5 hxg5 23. Nxg5 Qxg5 24. f4 Qe7 25. Be4 Bh6 26. Qh2 Kg7 27. Bh4 Bxf4 28.
Bf6+ Nxf6 29. exf6+ Kxf6 30. Qxf4+ Kg7 31. Bxc6 Qh4 32. Bg2 Ra6 33. Re5 f5 34.
Rxc5 Bd7 35. Qxd4+ Qf6 36. Qxf6+ Rxf6 37. Nxb7 fxg4 38. Rxa5 Rb6 39. b4 Bc6 40.
Nd6 Bxg2 41. Ne8+ 1-0

[Event "Quebec op"]
[Site "Longueuil CAN"]
[Date "2018.07.24"]
[Round "5.3"]
[White "Voskanyan, Vahagn"]
[Black "Cherniaev, Alexander"]
[Result "1/2-1/2"]
[WhiteElo "2201"]
[BlackElo "2421"]
[PlyCount "126"]
[EventDate "2018.07.21"]
[EventType "swiss"]
[EventRounds "9"]
[EventCountry "CAN"]

1. Nf3 d6 2. d4 g6 3. e4 Bg7 4. Nc3 a6 5. a4 b6 6. Bc4 e6 7. Bg5 Ne7 8. Qd2 h6
9. Be3 Nd7 10. h4 Nf6 11. Qe2 Bb7 12. Bf4 O-O 13. Rd1 d5 14. exd5 exd5 15. Bd3
Re8 16. O-O Ne4 17. Bxe4 dxe4 18. Ne5 Nf5 19. Qc4 Nd6 20. Qb3 Qxh4 21. Bg3 Qh5
22. Nd5 Bxd5 23. Qxd5 Rad8 24. Rfe1 Kh7 25. Qc6 Re7 26. c3 a5 27. Rd2 f5 28.
Rde2 g5 29. f4 exf3 30. Nxf3 Rxe2 31. Rxe2 Qf7 32. Ne5 Qe6 33. Qxc7 Re8 34.
Qxb6 f4 35. Bf2 g4 36. Qc6 Nc4 37. Qe4+ Kg8 38. Qxf4 Nxe5 39. dxe5 Bxe5 40.
Rxe5 Qxe5 41. Qxg4+ Qg5 42. Qc4+ Kg7 43. b4 Rf8 44. Qd4+ Kg6 45. b5 Qc1+ 46.
Kh2 Qf4+ 47. Qxf4 Rxf4 48. Bd4 Kf5 49. g3 Re4 50. Kg2 Ke6 51. Kf3 Kd5 52. g4
Re1 53. Bb6 Ra1 54. Bxa5 Rxa4 55. Bb4 Ra8 56. Kf4 Rg8 57. Be7 Ke6 58. Ba3 Kd5
59. Bc1 Kc5 60. Kf5 Kxb5 61. Bxh6 Kc4 62. Bd2 Kd3 63. Be1 Re8 1/2-1/2

[Event "Quebec op"]
[Site "Longueuil CAN"]
[Date "2018.07.24"]
[Round "5.7"]
[White "Javidfard, Amirsalar"]
[Black "Mikhalevski, Victor"]
[Result "0-1"]
[WhiteElo "1990"]
[BlackElo "2583"]
[PlyCount "67"]
[EventDate "2018.07.21"]
[EventType "swiss"]
[EventRounds "9"]
[EventCountry "CAN"]

1. Nf3 d5 2. d4 Nf6 3. c4 e6 4. Nc3 Nbd7 5. cxd5 exd5 6. Bf4 c6 7. e3 Be7 8.
Bd3 Nh5 9. Qc2 Nxf4 10. exf4 Nf6 11. O-O O-O 12. Rad1 Bg4 13. Ng5 h6 14. f3 Bd7
15. Nh7 Re8 16. Nxf6+ Bxf6 17. Qf2 Re7 18. Bb1 Qc7 19. Qc2 Kf8 20. Nxd5 Bf5 21.
Qxf5 cxd5 22. Qh7 g6 23. Qxh6+ Bg7 24. Qg5 Re2 25. f5 gxf5 26. Bxf5 Rxb2 27.
Rfe1 Rxa2 28. Bb1 Ra4 29. h4 Qd8 30. Qh5 Rc8 31. Bh7 Rxd4 32. Rxd4 Bxd4+ 33.
Kh1 Bg7 34. Qf5 0-1

[Event "Quebec op"]
[Site "Longueuil CAN"]
[Date "2018.07.24"]
[Round "5.8"]
[White "Zhao, Jim"]
[Black "Luksza, Arkadiusz"]
[Result "1-0"]
[WhiteElo "2169"]
[BlackElo "2106"]
[PlyCount "101"]
[EventDate "2018.07.21"]
[EventType "swiss"]
[EventRounds "9"]
[EventCountry "CAN"]

1. d4 Nf6 2. c4 e6 3. g3 d5 4. Nf3 c6 5. Qc2 Nbd7 6. Bg2 Ne4 7. O-O Bd6 8. Nfd2
f5 9. Nxe4 fxe4 10. f3 exf3 11. exf3 O-O 12. f4 Be7 13. Be3 Nf6 14. Kh1 dxc4
15. Qxc4 Nd5 16. Bg1 Qb6 17. b3 Bd7 18. Nd2 Rad8 19. Rfe1 Bb4 20. Qd3 Bxd2 21.
Qxd2 Rf6 22. Re5 Qb4 23. Qe2 Rh6 24. Rg5 Rf8 25. Qe5 Rhf6 26. Qe1 Qb6 27. Re5
Rh6 28. Rd1 Qd8 29. Rd2 Rhf6 30. Rde2 Rh6 31. Be3 Bc8 32. Bc1 Rhf6 33. Ba3 Re8
34. Bb2 g6 35. h4 Kf7 36. Bc1 Rf5 37. g4 Rxe5 38. fxe5 Kg8 39. Bh6 b6 40. Qg3
Bb7 41. Rf2 a5 42. Be4 c5 43. dxc5 bxc5 44. Kg1 Ba8 45. Qf3 Qe7 46. Bg5 Qd7 47.
h5 Qg7 48. Bh6 Qe7 49. hxg6 hxg6 50. Bxg6 Nb4 51. Bf7+ 1-0

[Event "Quebec op"]
[Site "Longueuil CAN"]
[Date "2018.07.24"]
[Round "5.9"]
[White "Saha, Ananda"]
[Black "Beaulieu, Eric"]
[Result "0-1"]
[WhiteElo "1950"]
[BlackElo "2129"]
[PlyCount "74"]
[EventDate "2018.07.21"]
[EventType "swiss"]
[EventRounds "9"]
[EventCountry "CAN"]

1. d4 Nf6 2. c4 e6 3. Nc3 Bb4 4. e3 O-O 5. Nge2 d5 6. cxd5 exd5 7. g3 Re8 8.
Bg2 c6 9. O-O Bf5 10. a3 Bd6 11. b4 a6 12. Re1 Nbd7 13. Nf4 Nb6 14. f3 Bxf4 15.
gxf4 Qd7 16. e4 Bh3 17. e5 Nh5 18. Ne2 g6 19. Ng3 Ng7 20. Ra2 Bxg2 21. Rxg2 Qh3
22. Kh1 Nc4 23. Reg1 a5 24. Qd3 axb4 25. axb4 Ra1 26. f5 Rea8 27. e6 fxe6 28.
fxg6 h5 29. Qb3 Rf8 30. Qc3 Rb1 31. Qd3 Rxc1 32. Rxc1 h4 33. Nf1 Rxf3 34. Qe2
Qf5 35. Nd2 Nxd2 36. Qxd2 h3 37. Rgg1 Qe4 0-1

[Event "Quebec op"]
[Site "Longueuil CAN"]
[Date "2018.07.24"]
[Round "5.10"]
[White "Durette, Francis"]
[Black "Sambuev, Bator"]
[Result "1/2-1/2"]
[WhiteElo "2035"]
[BlackElo "2514"]
[PlyCount "103"]
[EventDate "2018.07.21"]
[EventType "swiss"]
[EventRounds "9"]
[EventCountry "CAN"]

1. Nf3 g6 2. c4 Bg7 3. g3 Nf6 4. Bg2 O-O 5. O-O d6 6. d4 Nbd7 7. Nc3 e5 8. e4
c6 9. Qc2 exd4 10. Nxd4 Qb6 11. Nde2 a5 12. Rb1 Re8 13. h3 Nc5 14. Be3 Qc7 15.
Rfd1 Be6 16. b3 Rad8 17. g4 Bc8 18. Ng3 Qe7 19. Bd4 Bh6 20. Rf1 Ne6 21. Bb6 Rd7
22. Nce2 Nf4 23. Nxf4 Bxf4 24. Ne2 Bh6 25. Rbe1 Bg7 26. Bxa5 b5 27. Nd4 Bb7 28.
Nxc6 Bxc6 29. e5 Bxg2 30. exf6 Be4 31. Qd2 Qxf6 32. f3 Qd4+ 33. Kg2 bxc4 34.
Qxd4 Bxd4 35. Rxe4 Rxe4 36. fxe4 Ra7 37. b4 c3 38. Rc1 f5 39. Kf3 Re7 40. gxf5
gxf5 41. exf5 Re3+ 42. Kg4 Be5 43. b5 d5 44. b6 d4 45. b7 Rg3+ 46. Kh4 Rg7 47.
Rb1 Bb8 48. Rb4 Rd7 49. Rc4 Kf7 50. Bxc3 dxc3 51. Rxc3 Rxb7 52. Rb3 1/2-1/2

[Event "Quebec op"]
[Site "Longueuil CAN"]
[Date "2018.07.24"]
[Round "5.11"]
[White "Abdelaal, Ibrahim"]
[Black "Prahov, Valentin"]
[Result "0-1"]
[WhiteElo "2007"]
[BlackElo "2105"]
[PlyCount "68"]
[EventDate "2018.07.21"]
[EventType "swiss"]
[EventRounds "9"]
[EventCountry "CAN"]

1. e4 c5 2. Nf3 e6 3. b4 cxb4 4. d4 d5 5. e5 Nc6 6. Be2 Nge7 7. O-O Nf5 8. a3
h5 9. axb4 Bxb4 10. c3 Be7 11. Ba3 Bd7 12. Bxe7 Qxe7 13. Na3 O-O 14. c4 dxc4
15. Nxc4 Rfd8 16. Qd2 Be8 17. Qb2 Ncxd4 18. Nxd4 Nxd4 19. Bxh5 Qg5 20. Rfd1 Bc6
21. f4 Qxh5 22. Rxd4 Rxd4 23. Qxd4 Qe2 24. Ne3 a5 25. h3 a4 26. Rd1 a3 27. Rd2
Qb5 28. Kh2 a2 29. Nc2 Qd5 30. Qb4 Qe4 31. Qxe4 Bxe4 32. Na1 Bd5 33. Rc2 Ra4
34. Kg3 Rb4 0-1

[Event "Quebec op"]
[Site "Longueuil CAN"]
[Date "2018.07.24"]
[Round "5.12"]
[White "Soudre, Nicolas"]
[Black "Bouton, Christophe"]
[Result "0-1"]
[WhiteElo "2080"]
[BlackElo "2016"]
[PlyCount "92"]
[EventDate "2018.07.21"]
[EventType "swiss"]
[EventRounds "9"]
[EventCountry "CAN"]

1. e4 c6 2. d4 d5 3. Nc3 dxe4 4. Nxe4 Bf5 5. Ng3 Bg6 6. h4 h6 7. Nf3 Nd7 8. h5
Bh7 9. Bd3 Bxd3 10. Qxd3 Ngf6 11. Bd2 e6 12. O-O-O Bd6 13. Ne4 Nxe4 14. Qxe4
Nf6 15. Qe2 Qc7 16. g3 O-O-O 17. c4 c5 18. Kb1 Rhe8 19. Rc1 Kb8 20. Bc3 a6 21.
Ka1 Ka8 22. dxc5 Bxc5 23. b4 Ba7 24. Rh4 Qb6 25. c5 Qc7 26. Ne5 Rd5 27. Nc4
Red8 28. Be5 Qc6 29. Nd6 R5xd6 30. Bxd6 Rxd6 31. Rhc4 Rd5 32. g4 Bb8 33. f4 Rd7
34. g5 Nd5 35. Qf3 Nxb4 36. Qc3 Nd3 37. gxh6 gxh6 38. Rg1 Nxf4 39. Rg8 Rd1+ 40.
Kb2 Qb5+ 41. Qb3 Nd5 42. c6 bxc6 43. Rxc6 Kb7 44. Rcc8 Be5+ 45. Kc2 Ne3+ 46.
Qxe3 Qb1# 0-1

[Event "Quebec op"]
[Site "Longueuil CAN"]
[Date "2018.07.24"]
[Round "5.13"]
[White "Van Hoolandt, Patrick"]
[Black "Zheng, Richard"]
[Result "1-0"]
[WhiteElo "2065"]
[BlackElo "1986"]
[PlyCount "91"]
[EventDate "2018.07.21"]
[EventType "swiss"]
[EventRounds "9"]
[EventCountry "CAN"]

1. d4 d5 2. c4 c6 3. Nf3 Nf6 4. cxd5 cxd5 5. Nc3 Nc6 6. Bf4 a6 7. Rc1 Bf5 8. e3
Rc8 9. Be2 e6 10. O-O Nh5 11. Bg5 Be7 12. Bxe7 Qxe7 13. Ne5 Nf6 14. Na4 O-O 15.
Nxc6 Rxc6 16. Rxc6 bxc6 17. Bxa6 Ra8 18. Be2 Qb4 19. b3 Qa3 20. Qa1 h6 21. Rc1
Rb8 22. f3 h5 23. Bd1 Bd3 24. Rxc6 Bb5 25. Qc1 Qxc1 26. Rxc1 Bxa4 27. bxa4 Ra8
28. Rc7 Ne8 29. Rd7 Kf8 30. Kf2 Ra6 31. Bb3 Nd6 32. Rc7 g6 33. Ke2 f5 34. h4 f4
35. e4 Ne8 36. Rc8 Ke7 37. exd5 exd5 38. Bxd5 Kd7 39. Rc5 Nd6 40. a5 Nf5 41.
Kd3 Nxh4 42. Bc4 Rf6 43. a6 Nxg2 44. a7 Rf8 45. Bd5 h4 46. Rc1 1-0

[Event "Quebec op"]
[Site "Longueuil CAN"]
[Date "2018.07.24"]
[Round "5.14"]
[White "Poulin, Maurice"]
[Black "Robichaud, Louis"]
[Result "0-1"]
[WhiteElo "1970"]
[BlackElo "2060"]
[PlyCount "88"]
[EventDate "2018.07.21"]
[EventType "swiss"]
[EventRounds "9"]
[EventCountry "CAN"]

1. e4 e5 2. Nf3 Nc6 3. c3 d5 4. Qa4 f6 5. Bb5 Nge7 6. exd5 Qxd5 7. d3 Be6 8.
Be3 a6 9. Bc4 Qd7 10. Bxe6 Qxe6 11. Nbd2 Nf5 12. Qb3 Qxb3 13. axb3 O-O-O 14.
Ke2 Bd6 15. Ne4 Rhe8 16. g4 Nfe7 17. h4 Nd5 18. Kd2 Bf8 19. h5 h6 20. Ke2 Rd7
21. Rhd1 Nd8 22. Nh4 Ne6 23. Ng6 Bd6 24. c4 Ndf4+ 25. Nxf4 exf4 26. Ba7 Be5 27.
Ra2 Bd4 28. c5 Bxc5 29. Bxc5 Nxc5 30. f3 Nxb3 31. Ra4 Nd4+ 32. Kf2 Re5 33. Rc4
b6 34. Rdc1 Rb5 35. b4 a5 36. Nd6+ Rxd6 37. Rxc7+ Kd8 38. Rxg7 Rxb4 39. Rg8+
Kd7 40. Rg7+ Ke6 41. Rg6 Rb2+ 42. Kf1 Nxf3 43. Rxh6 Rxd3 44. Rh8 Rdd2 0-1

[Event "Quebec op"]
[Site "Longueuil CAN"]
[Date "2018.07.24"]
[Round "5.15"]
[White "Saine, Zachary"]
[Black "Malek, Omid"]
[Result "0-1"]
[WhiteElo "1899"]
[BlackElo "2055"]
[PlyCount "64"]
[EventDate "2018.07.21"]
[EventType "swiss"]
[EventRounds "9"]
[EventCountry "CAN"]

1. e4 b6 2. d4 Bb7 3. Bd3 Nf6 4. Qe2 e6 5. f4 d5 6. e5 Ne4 7. Nf3 c5 8. c3 Qc8
9. Nbd2 Nxd2 10. Bxd2 Ba6 11. O-O Bxd3 12. Qxd3 Qa6 13. Qe3 g6 14. g4 Nd7 15.
Ng5 Be7 16. Kh1 h6 17. Nh3 O-O-O 18. b4 h5 19. g5 cxb4 20. cxb4 Kb8 21. a4 Rc8
22. b5 Qb7 23. Ra2 Rc4 24. Nf2 Rhc8 25. Rfa1 R8c7 26. a5 bxa5 27. Bxa5 Rc8 28.
Bd2 Rc2 29. Rxa7 Qxa7 30. Rxa7 Kxa7 31. Qe1 R8c4 32. Ba5 Rc1 0-1